Vietnam : a Lonely Planet travel atlas /
| Corporate Authors: | , |
|---|---|
| Format: | Map |
| Language: | English French German Japanese Spanish |
| Language Notes: | Legend and travel information in English, French, German, Japanese, and Spanish; maps in English and Vietnamese. |
| Published: |
Hawthorn, Vic. ; Oakland, CA :
Lonely Planet Publications,
1996.
|
| Edition: | 1st ed. |
| Series: | Lonely Planet travel atlas.
|
| Subjects: |
MARC
| Tag | First Indicator | Second Indicator | Subfields |
|---|---|---|---|
| LEADER | 00000cem a2200000ua 4500 | ||
| 001 | in00001403362 | ||
| 005 | 20151020055503.0 | ||
| 006 | aab 001 0 | ||
| 008 | 951129s1996 at e 1 eng | ||
| 010 | |a 95675727 | ||
| 020 | |a 0864423675 | ||
| 034 | 1 | |a a |b 1000000 | |
| 035 | |a (OCoLC)33866430 | ||
| 035 | |9 AHN4599AM | ||
| 040 | |a DLC |c DLC |d TXA |d UtOrBLW | ||
| 041 | 0 | |a eng |a fre |a ger |a jpn |a spa | |
| 043 | |a a-vt--- | ||
| 049 | |a TXAM | ||
| 050 | 0 | 0 | |a G2371.P2 |b L6 1996 |
| 082 | 0 | 0 | |a 912.597 |2 20 |
| 110 | 2 | |a Lonely Planet Publications (Firm) | |
| 245 | 1 | 0 | |a Vietnam : |b a Lonely Planet travel atlas / |c cartography by Steinhart Katzir Publishers Ltd. |
| 246 | 1 | 8 | |a Vietnam travel atlas |
| 250 | |a 1st ed. | ||
| 255 | |a Scale 1:1,000,000. | ||
| 264 | 1 | |a Hawthorn, Vic. ; |a Oakland, CA : |b Lonely Planet Publications, |c 1996. | |
| 300 | |a 1 atlas (50 pages) : |b color illustrations, color maps ; |c 24 cm. | ||
| 336 | |a cartographic image |b cri |2 rdacontent | ||
| 337 | |a unmediated |b n |2 rdamedia | ||
| 338 | |a volume |b nc |2 rdacarrier | ||
| 490 | 1 | |a Lonely Planet travel atlas | |
| 546 | |a Legend and travel information in English, French, German, Japanese, and Spanish; maps in English and Vietnamese. | ||
| 500 | |a "First published January 1996"--Title page verso. | ||
| 500 | |a Actual date of publication inferred from accession date at LC. | ||
| 500 | |a Includes index. | ||
| 500 | |a Cartographic material. | ||
| 651 | 0 | |a Vietnam |x Maps. | |
| 710 | 2 | |a Steinhart Katzir Publishers. | |
| 830 | 0 | |a Lonely Planet travel atlas. | |
| 948 | |a c:jlg | ||
| 999 | |a MARS | ||
| 999 | f | f | |s 604cd50c-c390-37d0-8a59-6df647089fa7 |i 4fc99116-5150-3bbc-af06-0942e46f7f36 |t 0 |
| 952 | f | f | |p normal |a Texas A&M University |b College Station |c Sterling C. Evans Library |d Evans: Maps (2nd floor) |t 0 |e G2371.P2 L6 1996 |h Library of Congress classification |i unmediated -- volume |m A14823484961 |
| 998 | f | f | |a G2371.P2 L6 1996 |t 0 |l Evans: Maps (2nd floor) |